000 00805nam a2200253Ia 4500
003 OSt
005 20221005091100.0
006 a|||||r|||| 00| 0
007 ta
008 221004b |||||||| |||| 00| 0 eng d
020 _a9780195680164 (hbk)
_c525
024 _a88109
037 _b84638, 22/10/2007, International Book Distributors
_cTextual
040 _aCRL
_cCRL
_beng
041 _2eng
_aeng
082 _aQ7v49G.N, P6
100 _aRoy Asim Ed.
245 0 _aIslam in history and politics
_b perspectives from South Asia
260 _aNew York
_bOxford University Press U.S.A
_c2006
300 _axi, 224p.
_ccm.
650 _aRELIGION
942 _hQ7v49G.N, P6
_cTEXL
_2cc
999 _c996756
_d996756